The meaning of the glorious Qur'an

Bibliographic Details
Main Author: Pickthall, Muhammad Marmaduke , 1875-1936 (Author)
Format: Book
Published: Karachi : Taj , [19--]
Subjects:

MARC

LEADER 00000cam a2200000 7i4500
001 0000004330
005 20230116093000.0
008 021118n
090 0 0 |a BP130.4   |b .M421 
245 0 4 |a The meaning of the glorious Qur'an   |c text and explanatory Marmaduke Pickthall 
260 2 |a Karachi :   |b Taj ,   |c [19--] 
300 |a 637 p . ;   |c 25 cm. 
650 0 |a Qur'an; criticism, interpretation, etc 
650 0 |a Qur'an   |x Criticism, Textual 
700 0 |a Pickthall, Muhammad Marmaduke ,   |d 1875-1936 ,   |e author 
999 |a 1000002294   |b Book   |c OPEN SHELF (30 DAYS)   |e Gong Badak Campus 
999 |a 1000010520   |b Book   |c OPEN SHELF (30 DAYS)   |e Gong Badak Campus 
999 |a 1000061076   |b Book   |c OPEN SHELF (30 DAYS)   |e Gong Badak Campus 
999 |a 1000062751   |b Book   |c OPEN SHELF (30 DAYS)   |e Gong Badak Campus